000 00953nam a2200181Ia 4500
008 100920s9999 xx 000 0 und d
082 _b63248
_a61 थ 84
100 _aसहस्त्रबुध्दे रमेश के.
245 _aविज्ञानसागरातील दीपस्तंभ (भाग दुसरा) (गणितशास्त्र).
260 _bसाहित्य प्रसार केंद्र, मुंबई.
_c1984
300 _a72
_bसाधी
365 _b15
520 _aस्थानिक वाचन.
630 _aविज्ञानसागरातील दीपस्तंभ (भाग दुसरा) (गणितशास्त्र).
650 _aस्थानिक वाचन.
730 _aविज्ञानसागरातील दीपस्तंभ (भाग दुसरा) (गणितशास्त्र).
942 _cBOOK
999 _c706329
_d706326